| 000 | 00746nam a22002415a 4500 | ||
|---|---|---|---|
| 008 | 150827s2002 ii a frb 001 0 eng d | ||
| 020 | _a8120312619 | ||
| 040 |
_aEG-ScBUE _beng _cEG-ScBUE |
||
| 082 | 0 | 4 |
_a620.11 _bRAG _222 |
| 100 | 1 | _aRaghavan, V. | |
| 245 | 1 | 0 |
_aMaterials science and engineering : _bA first course / _cV. Raghavan |
| 250 | _a4th ed. | ||
| 260 |
_aNew Delhi : _bPrentice-Hall of India, _c2002. |
||
| 300 |
_a434 p. : _bill. ; _c24 cm. |
||
| 500 | _aIndex : p. 427-434. | ||
| 504 | _aIncludes bibliographical references. | ||
| 590 | _aMenna Elemam | ||
| 650 |
_aMaterials _2BUEsh |
||
| 650 |
_aMaterials science. _2BUEsh |
||
| 651 | _2BUEsh | ||
| 653 |
_bENGGEN _cAugust2015 |
||
| 942 |
_cBB _k620.11 RAG _2ddc |
||
| 999 |
_c849 _d849 |
||